000 01587cam a2200373 a 4500
001 15755130
005 20100524112830.0
008 090529s2010 nyua | b 00| 0deng d
010 _a 2009021805
020 _a9780415453875
020 _a0415453879
020 _a9780415453882
020 _a0415453887
020 _a9780203864944
020 _a0203864948
035 _a(OCoLC)ocn166383009
040 _aDLC
_cDLC
_dYDX
_dYDXCP
_dBWX
_dCDX
_dDLC
050 0 0 _aJZ1253.2
_b.G46 2010
082 0 0 _a327.101
_222
_bGEN
245 0 0 _aGender Matters in Global Politics :
_bA Feminist Introduction to International Relations /
_cEdited by Laura J. Shepherd.
260 _aLondon :
_bRoutledge,
_cc2010.
300 _axxv, 416 p. :
_bill. ;
_c25 cm.
504 _aIncludes bibliographical references and index.
541 _aBacca ;
650 0 _aInternational relations.
_922646
650 0 _aFeminism.
_922647
650 0 _aFeminist theory.
_922648
700 1 _aShepherd, Laura J.
_eEditor
_922649
856 4 2 _3Contributor biographical information
_uhttp://www.loc.gov/catdir/enhancements/fy1009/2009021805-b.html
942 _2ddc
_cBB
999 _c15030
_d15030